Normal view
MARC view
- Continuous Electron Beam Accelerator Facility
Entry Corporate Name
001 - CONTROL NUMBER
- control field: 103920
003 - CONTROL NUMBER IDENTIFIER
- control field: NUST
005 - DATE AND TIME OF LATEST TRANSACTION
- control field: 20221201140527.0
008 - FIXED-LENGTH DATA ELEMENTS
- fixed length control field: 221201|| aca||aabn | a|a d
040 ## - CATALOGING SOURCE
- Original cataloging agency: NUST
- Transcribing agency: NUST
110 ## - HEADING--CORPORATE NAME
- Corporate name or jurisdiction name as entry element: Continuous Electron Beam Accelerator Facility
670 ## - SOURCE DATA FOUND
- Source citation: Work cat.: (NUST)184497: Walecka, John Dirk, 8721, Theoretical nuclear and subnuclear physics / , 1995.
